000 00517nam a2200205Ia 4500
003 OSt
005 20220928144158.0
006 a|||||r|||| 00| 0
007 ta
008 220927b |||||||| |||| 00| 0 eng d
024 _a63546
037 _cTextual
040 _aSDCL
_cSDCL
_beng
041 _2eng
_aeng
082 _aB28obx, P 0
100 _aMorris
_9507298
245 0 _aQuantitative approaches in business studies.
942 _hB28obx, P 0
_cTEXL
_2CC
999 _c826662
_d826662